000 00375nam a22001577a 4500
003 OSt
008 231017b |||||||| |||| 00| 0 eng d
020 _a9789352704996
100 _aTRIPATHI,K.D
245 _aESSENTIALS OF MEDICAL PHARMACOLOGY
250 _a8th rev
260 _aNEW DELHI
_bJAYPEE
_c2023
300 _aXX,1122
650 _aPHARMACOLOGY
942 _2ddc
_cBK
999 _c12108
_d12108